Let's Talk Swimming / (Record no. 2243)
[ view plain ]
| 000 -LEADER | |
|---|---|
| fixed length control field | 00621nam a22002417a 4500 |
| 005 - DATE AND TIME OF LATEST TRANSACTION | |
| control field | 20231113143410.0 |
| 020 ## - INTERNATIONAL STANDARD BOOK NUMBER | |
| International Standard Book Number | 9780531204252 |
| 040 ## - CATALOGING SOURCE | |
| Original cataloging agency | FISKGH |
| Language of cataloging | eng |
| Transcribing agency | FISKGH |
| Modifying agency | FISKGH |
| 050 ## - LIBRARY OF CONGRESS CALL NUMBER | |
| Classification number | GV837.6 |
| 082 ## - DEWEY DECIMAL CLASSIFICATION NUMBER | |
| Classification number | 797.2 |
| 100 ## - MAIN ENTRY--PERSONAL NAME | |
| Personal name | Miller, Amanda |
| 245 ## - TITLE STATEMENT | |
| Title | Let's Talk Swimming / |
| Statement of responsibility, etc. | By Amanda Miller |
| 260 ## - PUBLICATION, DISTRIBUTION, ETC. | |
| Place of publication, distribution, etc. | New York : |
| Name of publisher, distributor, etc. | Scholastic, |
| Date of publication, distribution, etc. | 2009 |
| 300 ## - PHYSICAL DESCRIPTION | |
| Extent | 24 pages : |
| Other physical details | illustrations |
| Dimensions | 20 cm |
| 505 ## - FORMATTED CONTENTS NOTE | |
| Formatted contents note | H |
| 520 ## - SUMMARY, ETC. | |
| Summary, etc. | A very simple introduction to the sport of swimming. |
| 521 ## - TARGET AUDIENCE NOTE | |
| Target audience note | 480 |
| Source | Lexile |
| 521 ## - TARGET AUDIENCE NOTE | |
| Target audience note | H |
| Source | Raz-Plus |
| 650 ## - SUBJECT ADDED ENTRY--TOPICAL TERM | |
| Topical term or geographic name entry element | Sports |
| 650 ## - SUBJECT ADDED ENTRY--TOPICAL TERM | |
| Topical term or geographic name entry element | Athlete |
| 942 ## - ADDED ENTRY ELEMENTS (KOHA) | |
| Source of classification or shelving scheme | Dewey Decimal Classification |
| Koha item type | Books |
| Suppress in OPAC | No |
| 999 ## - | |
| -- | 2243 |
| -- | 2243 |
| Withdrawn status | Lost status | Source of classification or shelving scheme | Damaged status | Not for loan | Collection | Home library | Current library | Shelving location | Date acquired | Total Checkouts | Full call number | Barcode | Date last seen | Date last checked out | Copy number | Price effective from | Koha item type |
|---|---|---|---|---|---|---|---|---|---|---|---|---|---|---|---|---|---|
| Dewey Decimal Classification | Non-Fiction | Footprints International School Library Network Toul Kork Campus | Footprints International School Library Network Toul Kork Campus | TK Primary Library Room(4th Floor), Bookcase 1&2, Shelves 1-16, Dark Blue Books | 11/13/2023 | 3 | MIL 797.2 GV837.6 | FISBK05954 | 02/27/2025 | 08/08/2024 | 1 | 11/13/2023 | Books | ||||
| Dewey Decimal Classification | Non-Fiction | Footprints International School Library Network Toul Kork Campus | Footprints International School Library Network Toul Kork Campus | 11/13/2023 | MIL 797.2 GV837.6 | FISTK03897 | 01/18/2024 | 2 | 11/13/2023 | Books | |||||||
| Dewey Decimal Classification | Non-Fiction | Footprints International School Library Network Toul Tom Poung Campus | Footprints International School Library Network Toul Tom Poung Campus | TTP Primary Dark Blue Bookshelves | 06/19/2025 | MIL 797.2 GV837.6 | FIS05092 | 06/19/2025 | 3 | 06/19/2025 | Books |
